Classifica Marcatori Bundesliga 2013-2014 - Statistics

Statistiche generali
  • Questo quiz è stato fatto 3 volte
  • Il punteggio medio è 6 su 18
Statistiche sulle risposte
Gol Nazione Squadra Calciatore % Corretto
20 Polonia Borussia Dortmund Robert Lewandowski
100%
14 Croazia Wolfsburg Ivica Olić
67%
12 Paesi Bassi Schalke 04 Klaas-Jan Huntelaar
67%
16 Germania Borussia Dortmund Marco Reus
67%
18 Croazia Bayern Monaco Mario Mandžukić
67%
13 Gabon Borussia Dortmund P.E. Aubameyang
67%
13 Germania Bayern Monaco Thomas Müller
67%
15 Brasile Borussia M'gladbach Raffael
33%
15 Giappone Magonza Shinji Okazaki
33%
15 Germania Bayer Leverkusen Stefan Kießling
33%
12 Svizzera Friburgo Admir Mehmedi
0%
16 Colombia Hertha Berlino Adrián Ramos
0%
12 Germania Augusta André Hahn
0%
12 Francia Hoffenheim Anthony Modeste
0%
17 Svizzera Norimberga Josip Drmić
0%
12 Germania Borussia M'gladbach Max Kruse
0%
13 Germania Amburgo Pierre-Michel Lasogga
0%
16 Brasile Hoffenheim Roberto Firmino
0%
Nessun quiz corrispondente trovato
Distribuzione punteggi
Percentuale di utenti per punteggio
Percentile per numero di risposta
I tuoi punteggi nel tempo
Non hai fatto questo quiz